[Event "SWE Cup sf"]
[Site "?"]
[Date "1998.??.??"]
[Round "?"]
[White "Hector Jonny"]
[Black "Laveryd Peter"]
[Result "1/2-1/2"]
[WhiteElo "2505"]
[BlackElo "2425"]
[PlyCount "101"]
[EventDate "1998.??.??"]
[Source "www.chesslib.no"]
[SourceDate "2004.05.04"]

1. e4 e6 2. d4 a6 3. Nf3 b5 4. Bd3 c5 5. c3 Bb7 6. O-O Nf6 7. e5 Nd5 8. Ng5 Be7 9. Qh5 g6 10. Qh6 Bf8 11. Qh3 cxd4 12. cxd4 Be7 13. Ne4 Qb6 14. Be3 Nc6 15. Nbc3 Ncb4 16. Bb1 h6 17. a3 Nxc3 18. bxc3 Nd5 19. Bd2 Qc7 20. Qg3 Nb6 21. Nd6+ Bxd6 22. exd6 Qc6 23. Re1 Nc4 24. Be4 Qb6 25. Bxb7 Qxb7 26. Bxh6 O-O-O 27. Bg5 Rdf8 28. Be7 Rfg8 29. a4 Rh5 30. axb5 Rxb5 31. Qd3 Qc6 32. Reb1 Kb7 33. Qh3 Qe4 34. Re1 Qf4 35. Qd3 Rc8 36. Reb1 Qf5 37. Rxb5+ axb5 38. Qe2 Nb6 39. Rc1 Qd5 40. h4 Na4 41. Qd2 Qb3 42. Qf4 Nxc3 43. Qf3+ Rc6 44. Bg5 f5 45. d5 exd5 46. h5 gxh5 47. Qxf5 Rxd6 48. Qe5 Rc6 49. Bf4 d4 50. Qb8+ Ka6 51. Bc7 1/2-1/2

[Event "Tula1"]
[Site "?"]
[Date "2001.??.??"]
[Round "4"]
[White "Tishin Petr"]
[Black "Arbakov Valentin"]
[Result "1-0"]
[WhiteElo "2445"]
[BlackElo "2483"]
[PlyCount "79"]
[EventDate "2001.??.??"]
[Source "www.chesslib.no"]
[SourceDate "2004.05.04"]

1. e4 e6 2. d4 Nf6 3. e5 Nd5 4. c4 Nb6 5. Nf3 d6 6. Nc3 dxe5 7. Nxe5 N8d7 8. Nxd7 Bxd7 9. Be2 Bc6 10. O-O Be7 11. Be3 O-O 12. a4 Re8 13. a5 Nc8 14. Bd3 Nd6 15. Qc2 Kh8 16. b4 Bd7 17. a6 bxa6 18. Ne4 Bc8 19. Nxd6 cxd6 20. Bxh7 Rb8 21. Bd3 Rxb4 22. Qd2 Rb8 23. Rab1 Rb7 24. Qe2 Kg8 25. c5 dxc5 26. dxc5 Rxb1 27. Bxb1 Rf8 28. Qh5 f5 29. Ba2 Qa5 30. Ra1 Qc7 31. Rc1 Qc6 32. Qg6 a5 33. Bc4 Bf6 34. Be2 Qc7 35. c6 a4 36. Rc5 a3 37. Bc4 Qd6 38. g3 Qd1+ 39. Kg2 Rf7 40. Rxf5 1-0

[Event "FSGM November"]
[Site "Budapest"]
[Date "2003.11.07"]
[Round "7"]
[White "Bluvshtein, Mark"]
[Black "Hoang Thanh Trang"]
[Result "1-0"]
[WhiteElo "2463"]
[BlackElo "2463"]
[PlyCount "57"]
[EventDate "2003.11.01"]
[Source "Roberto Alvarez"]
[SourceDate "2003.11.17"]

1. e4 e6 2. d4 d5 3. Bd3 dxe4 4. Bxe4 Nf6 5. Bf3 c5 6. Ne2 Nc6 7. Be3 cxd4 8. Nxd4 Ne5 9. O-O Nxf3+ 10. Qxf3 e5 11. Nb5 a6 12. Rd1 Bd7 13. Nd6+ Bxd6 14. Rxd6 Qc7 15. Rxf6 gxf6 16. Qxf6 Rg8 17. Bg5 Bc6 18. Nc3 h6 19. Qxh6 b5 20. Rd1 Rb8 21. Qf6 Kf8 22. Bh6+ Ke8 23. Nd5 Rxg2+ 24. Kf1 Bxd5 25. Rxd5 Qc4+ 26. Rd3 Qe4 27. Qh8+ Ke7 28. Qxb8 Rg6 29. Bg5+ 1-0

[Event "Israeli League tt"]
[Site "?"]
[Date "1999.01.22"]
[Round "3"]
[White "Uritzky Maxim"]
[Black "Zifroni Dov"]
[Result "1/2-1/2"]
[WhiteElo "2420"]
[BlackElo "2505"]
[PlyCount "69"]
[EventDate "1999.??.??"]
[Source "www.chesslib.no"]
[SourceDate "2004.05.04"]

1. e4 e6 2. d4 d5 3. Bd3 c5 4. exd5 exd5 5. Nf3 c4 6. Be2 Bd6 7. Nc3 Ne7 8. O-O Nbc6 9. b3 cxb3 10. axb3 O-O 11. Nb5 Bb8 12. c4 Bg4 13. c5 a6 14. Nc3 h6 15. Nh4 Bxe2 16. Nxe2 Qd7 17. Nf3 Re8 18. Bf4 Bxf4 19. Nxf4 Nf5 20. Ne2 Re6 21. Nc3 Rae8 22. Qd2 f6 23. Qf4 Nfe7 24. Rae1 Rxe1 25. Rxe1 Kf7 26. Qd2 g5 27. Qd3 Qf5 28. Qe3 Nb4 29. Re2 Qd7 30. Qd2 Nec6 31. h3 Qf5 32. Ne1 Rxe2 33. Nxe2 Qb1 34. Nc1 Qa1 35. Ne2 1/2-1/2

[Event "Montreal 3rd"]
[Site "Montreal"]
[Date "2002.08.04"]
[Round "10"]
[White "Bluvshtein, Mark"]
[Black "Barsov, Alexei"]
[Result "1/2-1/2"]
[WhiteElo "2367"]
[BlackElo "2550"]
[PlyCount "60"]
[EventDate "2002.07.25"]
[Source "ChessBase"]
[SourceDate "2002.11.12"]

1. e4 e6 2. d4 d5 3. Bd3 c5 4. c3 Nc6 5. Ne2 cxd4 6. cxd4 dxe4 7. Bxe4 Nf6 8. Bf3 Bd6 9. Nbc3 O-O 10. O-O h6 11. Be3 Ne7 12. Ne4 Nxe4 13. Bxe4 Bd7 14. Nf4 Bc6 15. Bc2 Bxf4 16. Bxf4 Qd5 17. Qg4 Qxd4 18. Qg3 Qf6 19. h4 Ng6 20. Bxg6 Qxg6 21. Qxg6 fxg6 22. Be3 a5 23. Rfd1 Rfd8 24. Rxd8+ Rxd8 25. Rc1 a4 26. Rc2 e5 27. Rd2 Bd5 28. a3 Kf7 29. Bb6 Rd7 30. Ba5 Bc6 1/2-1/2

[Event "Nova Gorica op"]
[Site "Nova Gorica"]
[Date "1999.02.04"]
[Round "8"]
[White "Pavasovic, Dusko"]
[Black "Bukal, Vladimir Sr"]
[Result "1-0"]
[WhiteElo "2502"]
[BlackElo "2407"]
[PlyCount "56"]
[EventDate "1999.01.28"]
[Source "ChessBase"]
[SourceDate "1999.03.01"]

1. e4 e6 2. d4 c5 3. c3 cxd4 4. cxd4 d5 5. e5 Nc6 6. Be3 Nge7 7. Nf3 Nf5 8. Nc3 Be7 9. Bd3 Nxe3 10. fxe3 Qb6 11. O-O Bd7 12. Rc1 O-O 13. a3 f5 14. exf6 Rxf6 15. Na4 Qc7 16. Nc5 Be8 17. Qb3 Rb8 18. Qc2 Bg6 19. b4 Bxd3 20. Qxd3 Bxc5 21. Rxc5 Qd6 22. Re1 Rbf8 23. Rec1 Rh6 24. R1c2 Rg6 25. b5 Rxf3 26. bxc6 Rh3 27. Qb5 Qxh2+ 28. Kf1 Qh1+ 1-0

[Event "Vladimir Kontic mem"]
[Site "?"]
[Date "2000.05.??"]
[Round "?"]
[White "Miljanic Boro"]
[Black "Vukovic Zdravko"]
[Result "1/2-1/2"]
[WhiteElo "2429"]
[BlackElo "2475"]
[PlyCount "22"]
[EventDate "2000.??.??"]
[Source "www.chesslib.no"]
[SourceDate "2004.05.04"]

1. e4 e6 2. d4 d5 3. exd5 Qxd5 4. Nf3 Nf6 5. c4 Qd8 6. Be2 Be7 7. O-O O-O 8. h3 c5 9. Be3 cxd4 10. Qxd4 Nc6 11. Qxd8 Rxd8 1/2-1/2

[Event "Ljubljana op"]
[Site "Ljubljana"]
[Date "1996.??.??"]
[Round "6"]
[White "Sveshnikov, Evgeny"]
[Black "Vojko, Zorman"]
[Result "1-0"]
[WhiteElo "2565"]
[BlackElo "2335"]
[PlyCount "80"]
[EventDate "1996.??.??"]
[Source "ChessBase"]

1. e4 e6 2. d4 Ne7 3. Nf3 g6 4. h4 h6 5. Bf4 Bg7 6. Qd2 d5 7. Nc3 c6 8. O-O-O Nd7 9. Bd3 a6 10. Rhe1 b5 11. Kb1 Bb7 12. exd5 cxd5 13. Ne2 Qb6 14. Nc1 a5 15. Qe3 a4 16. Ne5 b4 17. Nxd7 Kxd7 18. Be5 Bxe5 19. Qxe5 h5 20. Qf4 Rhf8 21. Bf1 Qc7 22. Qd2 Nc6 23. Bb5 Qb6 24. Bxc6+ Bxc6 25. Nd3 Rfb8 26. Nc5+ Kc8 27. Qf4 Be8 28. Rd3 Qc7 29. Qd2 Rb6 30. Rde3 Ra7 31. Re5 Qd6 32. f3 Rc7 33. g4 hxg4 34. fxg4 Kb8 35. h5 gxh5 36. gxh5 Bc6 37. h6 Ka7 38. h7 Rb8 39. Rh5 Rcc8 40. a3 Rh8 1-0

[Event "Swansea"]
[Site "?"]
[Date "2006.08.10"]
[Round "4.6"]
[White "Haslinger Stewart G"]
[Black "Williams Simon Kim"]
[Result "1/2-1/2"]
[WhiteElo "2423"]
[BlackElo "2473"]
[PlyCount "104"]
[EventDate "2006.??.??"]
[Source "www.chesslib.no"]
[SourceDate "2004.05.04"]

1. e4 e6 2. d4 b6 3. Nf3 Bb7 4. Bd3 d6 5. O-O Nd7 6. Qe2 a6 7. Bf4 Ne7 8. c4 Ng6 9. Bg3 Be7 10. Nc3 O-O 11. e5 Bxf3 12. Qxf3 dxe5 13. Bxg6 hxg6 14. dxe5 Qc8 15. Rad1 Rd8 16. h4 Nf8 17. Ne4 Rxd1 18. Rxd1 Qe8 19. Bf4 Rd8 20. Rxd8 Qxd8 21. Bg5 Nd7 22. Qd1 Kf8 23. g3 a5 24. c5 Ke8 25. cxb6 Nxb6 26. Qc2 Kf8 27. Kh2 Bxg5 28. Nxg5 Qd4 29. Nf3 Qc4 30. Qxc4 Nxc4 31. b3 Nb6 32. Kg2 Ke7 33. Kf1 Nd5 34. a3 Nc3 35. a4 Kd7 36. Nd2 Kc6 37. Nc4 Kd5 38. f4 Nxa4 39. Nxa5 Nc3 40. Nb7 Ne4 41. Kg2 c5 42. Nd8 Nd2 43. Kf2 Nxb3 44. Ke3 Nd4 45. g4 c4 46. Nxf7 c3 47. Nd6 c2 48. Kd2 Kc5 49. Kc1 Kd5 50. Kd2 Nf3+ 51. Kxc2 Nxh4 52. Ne8 Ke4 1/2-1/2

[Event "Pardubice Open"]
[Site "Pardubice CZE"]
[Date "1993.??.??"]
[Round "4"]
[White "Hait, Alexander"]
[Black "Haba, Petr"]
[Result "1/2-1/2"]
[WhiteElo "2410"]
[BlackElo "2485"]
[PlyCount "55"]
[EventDate "1993.07.??"]
[Source "www.chesslib.no"]
[SourceDate "2004.05.04"]

1. e4 e6 2. d4 d5 3. exd5 Qxd5 4. Nf3 Nf6 5. Bd3 b6 6. Nc3 Bb4 7. O-O Bxc3 8. bxc3 Ba6 9. Bf4 Ne4 10. Bxa6 Nxa6 11. Qd3 Qb7 12. Rfe1 Nf6 13. Ne5 O-O 14. Bg5 Nd5 15. Nd7 Rfe8 16. c4 Ne7 17. Nf6+ gxf6 18. Bxf6 Nb8 19. Bxe7 Rxe7 20. Qg3+ Kf8 21. Qe5 Ke8 22. Qh8+ Kd7 23. d5 Na6 24. dxe6+ Rxe6 25. Qd4+ Kc8 26. Qh8+ Kd7 27. Qd4+ Kc8 28. Qh8+ 1/2-1/2

[Event "Barcelona op rap"]
[Site "?"]
[Date "1996.12.15"]
[Round "7"]
[White "Narciso Dublan Marc"]
[Black "Pomes Marcet Juan"]
[Result "0-1"]
[WhiteElo "2470"]
[BlackElo "2420"]
[PlyCount "64"]
[EventDate "1996.??.??"]
[Source "www.chesslib.no"]
[SourceDate "2004.05.04"]

1. e4 e6 2. d4 d5 3. exd5 Qxd5 4. Nf3 Nf6 5. Bd3 Nc6 6. O-O Be7 7. Nc3 Qd8 8. Ne4 Nb4 9. Nxf6+ Bxf6 10. Be4 O-O 11. Re1 Nd5 12. Qd3 g6 13. Bh6 Bg7 14. Qd2 c6 15. Rad1 a5 16. c4 Nf6 17. Bb1 a4 18. h3 Qa5 19. Qxa5 Rxa5 20. Bd2 Ra8 21. Bc2 b5 22. Ne5 Bb7 23. Rc1 Rfd8 24. Be3 Nd7 25. Bg5 f6 26. Nxd7 Rxd7 27. Be3 b4 28. Rcd1 Kf7 29. Bd2 Bf8 30. Be3 f5 31. f3 Bg7 32. Re2 Ba6 0-1

[Event "Memorial Jirasek"]
[Site "Rakovnik CEC"]
[Date "2008.08.13"]
[Round "6"]
[White "Cernousek, L."]
[Black "Lechtynsky, J."]
[Result "1/2-1/2"]
[WhiteElo "2436"]
[BlackElo "2451"]
[PlyCount "62"]
[EventDate "2008.08.09"]
[Source "www.chesslib.no"]
[SourceDate "2004.05.04"]

1. e4 e6 2. d4 d5 3. Bd3 c5 4. exd5 Qxd5 5. Nc3 Qxd4 6. Nb5 Qd8 7. Bf4 Na6 8. Qe2 Nf6 9. O-O-O Be7 10. Nf3 Qa5 11. Nd6+ Bxd6 12. Bxd6 Qxa2 13. Ne5 Bd7 14. Rhe1 Nb4 15. Bxc5 Qa1+ 16. Kd2 Qa5 17. Bxb4 Qxb4+ 18. Kc1 O-O 19. Nxd7 Nxd7 20. Bxh7+ Kxh7 21. Rxd7 Rad8 22. Red1 Rxd7 23. Rxd7 Kg8 24. Qd2 Qb5 25. Rd3 Rc8 26. Kb1 b6 27. Qf4 Qc6 28. Rc3 Qd7 29. Rd3 Qc6 30. Rc3 Qd7 31. Rd3 Qb5 1/2-1/2

[Event "XIX Open"]
[Site "Villa de Roquetas ESP"]
[Date "2008.01.03"]
[Round "3"]
[White "Cruz Ravina, F."]
[Black "Barsov, A."]
[Result "1-0"]
[WhiteElo "2361"]
[BlackElo "2521"]
[PlyCount "67"]
[EventDate "2008.01.02"]
[Source "www.chesslib.no"]
[SourceDate "2004.05.04"]

1. e4 e6 2. d4 d5 3. Bd3 c5 4. exd5 Qxd5 5. Nc3 Qd8 6. dxc5 Bxc5 7. Nf3 Nf6 8. O-O Nc6 9. Qe2 h6 10. a3 Bd7 11. Rd1 a6 12. Ne4 Be7 13. Bf4 Nd5 14. Nd6+ Kf8 15. Bg3 Bc8 16. Bc4 Bxd6 17. Bxd5 Bxg3 18. Bxc6 Bd6 19. Qe5 Ke7 20. Rxd6 Qxd6 21. Qxg7 Rd8 22. h3 bxc6 23. Ne5 Rf8 24. Re1 Ke8 25. Re3 Qd1+ 26. Kh2 Qxc2 27. Rd3 Qc5 28. f4 a5 29. Ng4 f5 30. Qg6+ Ke7 31. Ne5 Ra6 32. Qg7+ Ke8 33. Rd7 Qxe5 34. Qe7# 1-0

[Event "Essent op"]
[Site "Hoogeveen"]
[Date "2002.10.15"]
[Round "5"]
[White "Bezgodov, Alexei"]
[Black "Hanley, Craig"]
[Result "0-1"]
[WhiteElo "2536"]
[BlackElo "2345"]
[PlyCount "76"]
[EventDate "2002.10.11"]
[Source "ChessBase"]
[SourceDate "2002.11.06"]

1. e4 e6 2. d4 d5 3. Bd3 dxe4 4. Bxe4 Nf6 5. Bf3 c5 6. Ne2 Nc6 7. Be3 cxd4 8. Bxc6+ bxc6 9. Qxd4 Qxd4 10. Bxd4 c5 11. Bxf6 gxf6 12. Nbc3 Rg8 13. Ne4 Be7 14. O-O Bb7 15. f3 O-O-O 16. Rad1 f5 17. N4g3 c4 18. Rfe1 h5 19. Rxd8+ Rxd8 20. Nc3 Bc5+ 21. Kf1 h4 22. Nge2 h3 23. gxh3 Bxf3 24. Na4 Bb4 25. c3 Bd6 26. b3 Bxh2 27. Nd4 Bd5 28. Nb2 cxb3 29. axb3 Rg8 30. Re2 Rg1+ 31. Kf2 Rh1 32. c4 Be4 33. Nb5 Bf4 34. Nxa7+ Kb8 35. Nb5 Rxh3 36. Na4 Bg5 37. Rb2 Be3+ 38. Ke2 Bc1 0-1

[Event "IV Pyramiden-Franken, Fuerth GER"]
[Site "?"]
[Date "2001.??.??"]
[Round "3"]
[White "Naiditsch, A."]
[Black "Hedke, F."]
[Result "1/2-1/2"]
[WhiteElo "2520"]
[BlackElo "2360"]
[PlyCount "100"]
[EventDate "2001.??.??"]
[Source "www.chesslib.no"]
[SourceDate "2004.05.04"]

1. e4 e6 2. d4 b6 3. Bd3 Bb7 4. Ne2 g6 5. O-O Bg7 6. c3 Ne7 7. a4 a5 8. Na3 O-O 9. Be3 d6 10. Qd2 Nd7 11. Bh6 e5 12. Ng3 d5 13. f3 c5 14. exd5 Nxd5 15. dxe5 Nxe5 16. Be2 Bxh6 17. Qxh6 f5 18. Nc4 Nf7 19. Qc1 Re8 20. Re1 Qd7 21. Bf1 Rxe1 22. Qxe1 Re8 23. Qd2 Bc6 24. b3 Qe7 25. Rc1 h5 26. Ne2 Qc7 27. Re1 Qe7 28. Rd1 Qc7 29. Nc1 Kh7 30. Nd3 b5 31. axb5 Bxb5 32. Ndb2 Rd8 33. Qc1 Ba6 34. Na4 Bb7 35. Qa3 Rc8 36. Re1 h4 37. Qc1 h3 38. g3 Nf6 39. Bxh3 Bxf3 40. Qe3 Re8 41. Qf2 Rxe1+ 42. Qxe1 Ng5 43. Qf1 Nxh3+ 44. Qxh3+ Kg7 45. Qf1 Bb7 46. Ne3 Qc6 47. Qg2 Ne4 48. Qf3 Qe6 49. Qf4 Qxb3 50. Qe5+ Kh7 1/2-1/2

[Event "Tch (Men) 2005/2006 CZE"]
[Site "?"]
[Date "2006.02.25"]
[Round "8"]
[White "Langner Ladislav"]
[Black "Blatny Pavel"]
[Result "0-1"]
[WhiteElo "2396"]
[BlackElo "2483"]
[PlyCount "60"]
[EventDate "2006.??.??"]
[Source "www.chesslib.no"]
[SourceDate "2004.05.04"]

1. e4 e6 2. d4 b6 3. Bd3 Bb7 4. Nf3 d6 5. c4 Nd7 6. Nc3 g6 7. g4 Bg7 8. Be3 a6 9. Qe2 h5 10. g5 Ne7 11. Nh4 c5 12. d5 Qc7 13. f4 exd5 14. Nxd5 Nxd5 15. exd5 O-O-O 16. f5 Bd4 17. Bxd4 cxd4 18. O-O Rde8 19. Qd2 gxf5 20. Bxf5 Kb8 21. Bxd7 Qxd7 22. Qxd4 Rhg8 23. Rf5 Ka7 24. Raf1 Re5 25. Rxf7 Rexg5+ 26. Kh1 Qe8 27. R7f4 Rg4 28. h3 Rg3 29. R4f3 Qe2 30. Qd3 Qxd3 0-1

[Event "First Saturday GM - Ottobre 2007"]
[Site "Budapest UNG"]
[Date "2007.10.11"]
[Round "5"]
[White "Arjun, Vishnuvardhan"]
[Black "Kosic, Dragan"]
[Result "0-1"]
[WhiteElo "2394"]
[BlackElo "2482"]
[PlyCount "125"]
[EventDate "2007.10.07"]
[Source "www.chesslib.no"]
[SourceDate "2004.05.04"]

1. e4 e6 2. d4 d5 3. Bd3 c5 4. c3 cxd4 5. cxd4 dxe4 6. Bxe4 Nf6 7. Bf3 Be7 8. Ne2 O-O 9. O-O Nbd7 10. Nbc3 Bd6 11. Ng3 h6 12. Nge4 Nxe4 13. Nxe4 Bc7 14. Qb3 Rb8 15. Be3 Nf6 16. Nxf6+ Qxf6 17. d5 b6 18. Qa3 exd5 19. Qxa7 Be5 20. Bxd5 Bf5 21. Rac1 Bxh2+ 22. Kxh2 Qe5+ 23. Bf4 Qxf4+ 24. Kg1 Rbd8 25. Bb3 Be4 26. Qc7 Qf6 27. Qc3 Qg5 28. Qg3 Qxg3 29. fxg3 Kh8 30. Rfd1 f5 31. Rxd8 Rxd8 32. Rd1 Rc8 33. Kf2 Rc6 34. Rd2 Kh7 35. Ke3 Rg6 36. Kf2 Rf6 37. Ke3 Rg6 38. Kf2 h5 39. Bc2 Bxc2 40. Rxc2 Rd6 41. Ke3 Kg6 42. b4 Kg5 43. Rc7 g6 44. b5 Rd1 45. Rc6 Ra1 46. Rxb6 Rxa2 47. Rc6 Rxg2 48. Kf3 Rb2 49. b6 Rb4 50. Ke3 h4 51. gxh4+ Rxh4 52. b7 Rb4 53. Rc7 f4+ 54. Kf3 Rb3+ 55. Ke4 Kg4 56. Rf7 g5 57. Kd5 Kg3 58. Ke4 Rb4+ 59. Kd5 f3 60. Kc5 Rb1 61. Kd4 g4 62. Ke3 Rb3+ 63. Kd2 0-1

[Event "CRO-ch"]
[Site "?"]
[Date "1992.??.??"]
[Round "?"]
[White "Zelcic Robert"]
[Black "Dizdar Goran"]
[Result "1/2-1/2"]
[WhiteElo "2380"]
[BlackElo "2495"]
[PlyCount "42"]
[EventDate "1992.??.??"]
[Source "www.chesslib.no"]
[SourceDate "2004.05.04"]

1. e4 e6 2. d4 d5 3. Bd3 dxe4 4. Bxe4 Nf6 5. Bd3 c5 6. dxc5 Bxc5 7. Nf3 O-O 8. O-O b6 9. a3 Bb7 10. b4 Be7 11. c4 Nbd7 12. Nc3 Bxf3 13. gxf3 Ne5 14. Be2 Rc8 15. Qb3 Qd4 16. Nb5 Qh4 17. f4 Nc6 18. Qg3 Qxg3+ 19. hxg3 a6 20. Nc3 a5 21. Be3 axb4 1/2-1/2

[Event "Cup S.T.Lee"]
[Site "Cup S.T.Lee, Beijing"]
[Date "1995.??.??"]
[Round "5"]
[White "Al-Modiahki, Mohamad"]
[Black "Mariano, Nelson"]
[Result "1/2-1/2"]
[WhiteElo "2360"]
[BlackElo "2510"]
[PlyCount "98"]
[EventDate "1995.??.??"]
[Source "www.chesslib.no"]
[SourceDate "2004.05.04"]

1. e4 e6 2. d4 b6 3. Bd3 Bb7 4. Qe2 c5 5. d5 g6 6. h4 Bg7 7. h5 g5 8. Nc3 h6 9. Nb5 d6 10. dxe6 fxe6 11. e5 Bxe5 12. Nf3 Bxf3 13. Qxf3 d5 14. Qe2 Nc6 15. O-O c4 16. Bg6+ Kd7 17. f4 a6 18. Nc3 gxf4 19. Bxf4 Bd4+ 20. Be3 Qh4 21. Bf2 Rf8 22. Rae1 Bxf2+ 23. Rxf2 Qxf2+ 24. Qxf2 Rxf2 25. Kxf2 Nge7 26. Na4 Kd6 27. Nxb6 Rb8 28. Na4 Nxg6 29. hxg6 Rg8 30. b3 cxb3 31. axb3 Rxg6 32. Nb2 Rf6+ 33. Kg3 e5 34. c4 d4 35. Nd3 a5 36. Nf2 Rf8 37. Ne4+ Ke7 38. Rh1 Rf4 39. Nd2 Rf6 40. Ne4 Rg6+ 41. Kf3 Nb8 42. Ra1 Nc6 43. g3 Ke6 44. Rh1 Nd8 45. Ra1 Nc6 46. Rh1 Kf7 47. g4 Ne7 48. Nc5 Rf6+ 49. Ke4 Ng6 1/2-1/2

[Event "Bundesliga 2007-8"]
[Site "Katernberg GER"]
[Date "2007.11.25"]
[Round "4"]
[White "Loeffler, S."]
[Black "Schebler, G."]
[Result "1-0"]
[WhiteElo "2409"]
[BlackElo "2458"]
[PlyCount "75"]
[EventDate "2007.10.19"]
[Source "www.chesslib.no"]
[SourceDate "2004.05.04"]

1. d4 e6 2. e4 d5 3. Bd3 c5 4. exd5 Qxd5 5. Nc3 Qxd4 6. Nf3 Qd8 7. Qe2 Nf6 8. Bg5 Nbd7 9. O-O-O Be7 10. Ne5 Nxe5 11. Qxe5 Nd7 12. Bxe7 Nxe5 13. Bxd8 Kxd8 14. Bxh7+ Bd7 15. Be4 Kc7 16. Rhe1 Bc6 17. f4 Ng4 18. Bxc6 Kxc6 19. f5 Rae8 20. h3 Nf6 21. fxe6 Rxe6 22. Rxe6+ fxe6 23. Rd3 Rh5 24. Rg3 g5 25. Kd2 Kd6 26. Kd3 Ke7 27. Ne4 Nxe4 28. Kxe4 Kf6 29. Rf3+ Ke7 30. Rb3 b6 31. Ra3 Kf6 32. Rxa7 Rh4+ 33. Ke3 Rb4 34. b3 c4 35. Ra4 Rxa4 36. bxa4 Ke5 37. g3 Kf5 38. c3 1-0

[Event "WC.2000.S.00001"]
[Site "?"]
[Date "1999.??.??"]
[Round "?"]
[White "Alvarez Roberto Gabriel"]
[Black "Braakhuis Wilfried"]
[Result "1-0"]
[WhiteElo "2555"]
[BlackElo "2310"]
[PlyCount "61"]
[EventDate "1999.??.??"]
[Source "www.chesslib.no"]
[SourceDate "2004.05.04"]

1. e4 e6 2. d4 b6 3. Bd3 Bb7 4. Nf3 c5 5. c3 cxd4 6. cxd4 Bb4+ 7. Nbd2 Nf6 8. O-O Bxd2 9. Nxd2 d6 10. Re1 O-O 11. Nf3 h6 12. e5 Nd5 13. Qe2 Nb4 14. Bb1 f5 15. Bd2 Nd5 16. exd6 Rf6 17. Qe5 Nc6 18. Qg3 Rc8 19. a3 f4 20. Qg4 Qxd6 21. Bd3 Rc7 22. h4 a6 23. Rad1 b5 24. Ng5 Nxd4 25. Ne4 Qf8 26. Nxf6+ Qxf6 27. Ba5 Rc8 28. Bb1 Rc4 29. Rxd4 Rxd4 30. Rxe6 Qf8 31. Qg6 1-0

[Event "Gawlikowski mem 18th"]
[Site "?"]
[Date "1999.??.??"]
[Round "?"]
[White "Ivanchuk Vassily"]
[Black "Olejarczyk Bogdan"]
[Result "1-0"]
[WhiteElo "2714"]
[BlackElo "2151"]
[PlyCount "57"]
[EventDate "1999.??.??"]
[Source "www.chesslib.no"]
[SourceDate "2004.05.04"]

1. e4 e6 2. d4 b6 3. Nf3 Nf6 4. Bd3 Bb7 5. Qe2 Nc6 6. e5 Nd5 7. c4 Bb4+ 8. Kf1 Nde7 9. a3 Ba5 10. b4 Bxb4 11. axb4 Nxb4 12. Be4 c6 13. Bf4 Ng6 14. Bg3 O-O 15. Nbd2 d5 16. exd6 f5 17. Bb1 Qf6 18. h4 c5 19. h5 cxd4 20. hxg6 d3 21. gxh7+ Kh8 22. Qe5 Qg6 23. d7 f4 24. Bxf4 Rf5 25. Qc7 Bxf3 26. d8=Q+ Rf8 27. Qxf8+ Rxf8 28. gxf3 Qf6 29. Rxa7 1-0

[Event "Ljubljana op 11th"]
[Site "Ljubljana"]
[Date "2000.06.19"]
[Round "3"]
[White "Zelcic, Robert"]
[Black "Jeric, Simon"]
[Result "0-1"]
[WhiteElo "2529"]
[BlackElo "2333"]
[PlyCount "100"]
[EventDate "2000.06.17"]
[Source "ChessBase"]
[SourceDate "2000.07.11"]

1. e4 e6 2. d4 a6 3. Bd3 b5 4. Nf3 Bb7 5. O-O c5 6. dxc5 Bxc5 7. a4 b4 8. Ng5 Qf6 9. Qh5 g6 10. Qe2 Nc6 11. Nf3 d6 12. Nbd2 Nge7 13. Nc4 O-O 14. Bg5 Qg7 15. Qd2 Rfe8 16. Qf4 d5 17. Bh6 g5 18. Nxg5 Ng6 19. Qf3 Qxh6 20. exd5 Nd8 21. Ne4 Bxd5 22. Nf6+ Kf8 23. Qg4 Re7 24. Ne5 Kg7 25. Bxg6 hxg6 26. Qg3 Nc6 27. Nxd5 exd5 28. Nxc6 Re6 29. Ne5 Bd6 30. f4 Bxe5 31. fxe5 Qd2 32. Rad1 Qxc2 33. Rxd5 Qxa4 34. Qd3 Rae8 35. Rd7 R8e7 36. Rd6 Qa5 37. b3 Qxe5 38. Rd4 a5 39. Qd1 Rf6 40. Rxf6 Qxf6 41. Rd3 Re4 42. Qb1 Re2 43. Qf1 Qe5 44. Rd1 Qe3+ 45. Kh1 Rb2 46. Rd3 Qe4 47. h3 Rxg2 48. Qxg2 Qxd3 49. Qg4 f5 50. Qh4 Qe4+ 0-1

[Event "Nyirsegi Torna op"]
[Site "?"]
[Date "1999.07.15"]
[Round "6"]
[White "Okhotnik Vladimir"]
[Black "Emodi Barnabas"]
[Result "1-0"]
[WhiteElo "2456"]
[BlackElo "2405"]
[PlyCount "67"]
[EventDate "1999.??.??"]
[Source "www.chesslib.no"]
[SourceDate "2004.05.04"]

1. e4 e6 2. d4 b6 3. Bd3 Bb7 4. Ne2 g6 5. c4 Bg7 6. Nbc3 Ne7 7. Bg5 Nbc6 8. Bc2 h6 9. Be3 d5 10. cxd5 exd5 11. e5 Qd7 12. f4 O-O-O 13. Qd2 Kb8 14. O-O-O Na5 15. b3 Nf5 16. Bf2 h5 17. Bd3 Bf8 18. Kb1 Bb4 19. Qc2 Bc8 20. Kb2 c6 21. a3 Be7 22. Na2 Nb7 23. Nb4 Bxb4 24. axb4 Qe7 25. Ra1 Bd7 26. Ra6 Qxb4 27. Rha1 Na5 28. Be1 Qe7 29. Bxa5 bxa5 30. R6xa5 Be8 31. Bxf5 gxf5 32. Ng3 Rg8 33. Nxf5 Qb4 34. Rxa7 1-0

[Event "Capablanca mem-B"]
[Site "Cienfuegos"]
[Date "1983.??.??"]
[Round "?"]
[White "Nogueiras, Jesus"]
[Black "Velez, Nestor"]
[Result "1/2-1/2"]
[WhiteElo "2490"]
[BlackElo "2370"]
[PlyCount "53"]
[EventDate "1983.05.??"]
[Source "ChessBase"]

1. e4 e6 2. d4 b6 3. c4 Bb7 4. Bd3 Bb4+ 5. Bd2 Nc6 6. Nf3 Bxd2+ 7. Nbxd2 Qf6 8. e5 Qf4 9. g3 Qh6 10. O-O f5 11. d5 Nce7 12. Re1 exd5 13. cxd5 Bxd5 14. Rc1 Nc6 15. Bxf5 Nge7 16. Be4 Bf7 17. h4 O-O 18. Ng5 Bg6 19. Bg2 Kh8 20. e6 d5 21. Bxd5 Nxd5 22. Rxc6 Bh5 23. Qb3 Qf6 24. Nde4 Qf5 25. Rc2 h6 26. e7 Nxe7 27. Ne6 1/2-1/2

[Event "First Saturday GM - Ottobre 2007"]
[Site "Budapest UNG"]
[Date "2007.10.09"]
[Round "3"]
[White "Arjun, Vishnuvardhan"]
[Black "Hoang, Thanh Trang"]
[Result "0-1"]
[WhiteElo "2394"]
[BlackElo "2466"]
[PlyCount "114"]
[EventDate "2007.10.07"]
[Source "www.chesslib.no"]
[SourceDate "2004.05.04"]

1. e4 e6 2. d4 d5 3. Bd3 c5 4. c3 dxe4 5. Bxe4 Nf6 6. Bf3 Nc6 7. Ne2 Be7 8. O-O O-O 9. Be3 cxd4 10. cxd4 Qc7 11. Nd2 b6 12. Rc1 Bb7 13. Nc4 Nd5 14. Ne5 Qd6 15. Bf4 Nxf4 16. Nxc6 Nxe2+ 17. Qxe2 Bf6 18. Ne5 Bxf3 19. Nxf3 Rac8 20. Rc4 Rfd8 21. Rfc1 Rxc4 22. Qxc4 h6 23. Rd1 Qd5 24. Qxd5 Rxd5 25. Rd2 g5 26. h3 h5 27. g4 hxg4 28. hxg4 Kg7 29. Kf1 Kg6 30. Ke2 Bg7 31. Rd1 f5 32. Rg1 Bf6 33. Kd3 fxg4 34. Rxg4 Kf5 35. Re4 Ra5 36. a3 Rb5 37. b4 a5 38. Nd2 axb4 39. Kc4 Ra5 40. axb4 Ra2 41. Re2 g4 42. Kb3 Ra1 43. Kc4 Rc1+ 44. Kd3 b5 45. Re3 Rd1 46. Kc2 Ra1 47. Kc3 Ra3+ 48. Nb3 Ra2 49. Nd2 Bxd4+ 50. Kxd4 Rxd2+ 51. Kc5 Rxf2 52. Kxb5 e5 53. Kc6 Kf4 54. Re1 g3 55. b5 g2 56. Rg1 Kf3 57. Ra1 Rf1 0-1

[Event "Helsinki Chess Circuit-A 2nd"]
[Site "Helsinki"]
[Date "2002.03.05"]
[Round "8"]
[White "Salmensuu, Olli"]
[Black "Karttunen, Mika"]
[Result "0-1"]
[WhiteElo "2428"]
[BlackElo "2429"]
[PlyCount "84"]
[EventDate "2002.02.25"]
[Source "ChessBase"]
[SourceDate "2002.03.14"]

1. e4 e6 2. d4 c5 3. c3 Nf6 4. f3 Nc6 5. Be3 Qb6 6. Qd2 Be7 7. Nh3 O-O 8. Be2 a6 9. Nf2 d6 10. O-O Rd8 11. Na3 Qc7 12. Nc2 b5 13. b4 cxd4 14. cxd4 d5 15. e5 Nd7 16. Bg5 f6 17. exf6 gxf6 18. Bh6 Nb6 19. f4 Nc4 20. Qc3 Kh8 21. a4 Rb8 22. axb5 axb5 23. Bg4 Rg8 24. Bh5 Nd6 25. Ne3 Qb6 26. Rfd1 f5 27. Nd3 Ne4 28. Qxc6 Qxc6 29. Ne5 Rxg2+ 30. Kxg2 Qc3 31. Kf3 Qb2 32. Nf7+ Kg8 33. Rg1+ Bg5 34. Raf1 Qxh2 35. Rxg5+ Nxg5+ 36. Nxg5 Qxh5+ 37. Kg2 Qxh6 38. Rc1 Qg7 39. Kf2 Qxd4 40. Kf3 h6 41. Nh3 Qe4+ 42. Ke2 d4 0-1